LEADER 01048nam a2200241 i 4500 001 000000176740 003 CaOOAMICUS 005 20090212000000.0 008 090212s2008 it u000 u ita u 013 $a154229 020 $a978-88-215-6144-3 040 $aSeMil$bita 100 1 $aDianich, Severino <1934- >.$0(OLS)http://semarc/name/16304 245 13$aLa Chiesa e le sue chiese :$bteologia e architettura /$cSeverino Dianich. 260 $aCinisello Balsamo :$bSan Paolo,$c2008 (stampa 2009) 300 $a267 p. :$briccamente ill. (b/n) ;$c23 cm. 650 4$aArchitettura sacra.$0(OLS)http://semarc/subject/8020 850 $aSeMil 852 $aSeMil$W1$xVenegono$y1$m5S XVI 34$j127560$B127560$CSeMilBibl$Z2$F139295 $81 961 $aOmaggio per recensione: Scuola Cattolica 996 $6020$a978-88-215-6144-3$9(OLS)http://semarc/number/165402 996 $6245$aLa Chiesa e le sue chiese :$bteologia e architettura$9(OLS)http://semarc/title/253766 996 $6260$aCinisello Balsamo :$bSan Paolo$9(OLS)http://semarc/publisher/30129 LEADER 01441nam a2200205 i 4500 001 000000244557 003 CaOOAMICUS 005 20150811000000.0 008 150811s1727 it u000 u ita u 013 $a223462 026 $an-i- t.il hio- geII (3) 1727 (R) 040 $aSeMil$bita 245 10$aParte 2. nella quale si contiene parte delle meditazioni, che si appartengono alla via illuminativa: cioè a dire, de misterj della incarnazione, e infanzia di Gesù Cristo .. 300 $a318 [i.e. 320] p. 500 $aRipetute nella num. le p. 271-272. - Segn. : A-V8. 773 0 $aPuente, Luis : de la $tMeditazioni sopra i principali misterj della nostra santa fede colla pratica dell'Orazione Mentale sopra essi del venerabile padre Ludovico Da Ponte ... dall'idioma castigliano tradotte già nel nostro volgare dal signor Giulio Cesare Braccini, e da un religioso ... rivedute, e corrette, e con altre particolari diligenze alla forma di una assai migliore edizione ridotte. Parte 1. [-6.].$dIn Venezia : Appresso Girolamo Savioni, 1727-1728.$g2$w()12569 850 $aSeMil 852 $aSeMil$W1$xVenegono$y1$m3A I 150 FA$j194903$B194903$CSeMilBibl$Z2$F205572 $8I 961 $aOmaggio: Deposito 996 $6245$aParte 2. nella quale si contiene parte delle meditazioni, che si appartengono alla via illuminativa: cioè a dire, de misterj della incarnazione, e infanzia di Gesù Cristo ..$9(OLS)http://semarc/title/346450 LEADER 00581nab a2200145 i 4500 001 000000309537 003 CaOOAMICUS 005 20180831172956.0 008 180831n xx uu u0 0und r 013 $a18630 040 $aSeMil$bita 100 1 $aNicora, Luigi,$c.$0(OLS)http://semarc/name/61485 245 10$aPerchè il massonismo nato fra gli eterodossi abbia sfasciati prima i Cattolici. 773 0 $t[Gennaio-Giugno].$g128-145,245-260$w()273960 996 $6245$aPerchè il massonismo nato fra gli eterodossi abbia sfasciati prima i Cattolici$9(OLS)http://semarc/title/384567